|
|
|
|
| LEADER |
00000nta a2200000 i 4500 |
| 001 |
dolg48188 |
| 005 |
20231017110823.0 |
| 008 |
231017suuuu hu om 000 hun d |
| 040 |
|
|
|a BGE Dolgozattár Repozitórium
|b hun
|
| 041 |
|
|
|a hu
|
| 100 |
1 |
|
|a Pivonka Róbert
|
| 245 |
1 |
0 |
|a Magyarország és az Európai Unió költségvetési kapcsolatai. Magyarország Európai Uniótól származó bevételei és tagállami befizetései.
|c Pivonka Róbert
|h [elektronikus dokumentum]
|
| 695 |
|
|
|a költségvetés
|
| 695 |
|
|
|a költségvetés
|
| 695 |
|
|
|a pénzügyi, vagyoni helyzet
|
| 856 |
4 |
0 |
|u http://dolgozattar.uni-bge.hu/48188/1/00002789.doc
|z Dokumentum-elérés
|